| 000 | 00863nam a22002297a 4500 | ||
|---|---|---|---|
| 003 | PE SENCICO BE | ||
| 005 | 20251020182714.0 | ||
| 008 | 250414b |||||||| |||| 00| 0 eng d | ||
| 040 |
_aPE SENCICO BE _cPE SENCICO BE |
||
| 041 | _aspa | ||
| 082 |
_aS 375.001 _bC |
||
| 110 | 1 |
_91982 _aServicio Nacional de Capacitación para la Industria de la Construcción. _bDirección de Formación Profesional |
|
| 245 | 1 |
_aCurso: metrados y estimación de costos en fierrería / _cServicio Nacional de Capacitación para la Industria de la Construcción |
|
| 250 | _a[1a ed.] | ||
| 260 |
_aLima : _bSENCICO ; _c[sin año] |
||
| 300 |
_a[40] hojas : _btablas ; _c30 cm. |
||
| 500 | _aEn la cubierta: Programa de perfeccionamiento | ||
| 500 | _aProgramación curricular | ||
| 650 | 1 | 0 |
_93025 _aProgramación curricular |
| 910 |
_ahfp _bhfp _chfp |
||
| 942 |
_2ddc _cPUB |
||
| 999 |
_c5162 _d5162 |
||